[Event "EU-ch Schools U15"]
[Site "Tornelo INT"]
[Date "2021.12.10"]
[Round "1"]
[White "Plotnikov, Ivan"]
[Black "Agrawal, Shivam"]
[Result "0-1"]
[WhiteElo "1013"]
[BlackElo "1711"]
[PlyCount "70"]
[EventDate "2021.12.03"]
[EventType "swiss (rapid)"]
[EventRounds "7"]
[EventCountry "NET"]
[SourceTitle "EXT 2023"]
[Source "ChessBase"]
[SourceDate "2022.10.05"]
[SourceVersion "1"]
[SourceVersionDate "2022.10.05"]
[SourceQuality "1"]

1. d4 d5 2. Nc3 Nf6 3. Bf4 Bf5 4. e3 e6 5. Nb5 Na6 6. a3 c6 7. Nc3 Nc7 8. f3 Bd6 9. Bg3 Bxg3+ 10. hxg3 Qd6 11. g4 Qg3+ 12. Kd2 Bg6 13. Nge2 Qd6 14. Nf4 e5 15. Nxg6 fxg6 16. Bd3 exd4 17. exd4 Qf4+ 18. Ke2 0-0-0 19. Qd2 Rde8+ 20. Kd1 Qd6 21. Ne2 Ne6 22. Rc1 g5 23. c4 dxc4 24. Rxc4 Nf4 25. Nxf4 gxf4 26. b4 Nd5 27. Kc1 Ne3 28. Bf5+ Kb8 29. Rc5 g6 30. Be4 Rd8 31. d5 cxd5 32. Bd3 Rc8 33. Rxc8+ Rxc8+ 34. Kb2 Qf6+ 35. Kb1 Rc7 0-1

[Event "EU-ch Schools U15"]
[Site "Tornelo INT"]
[Date "2021.12.05"]
[Round "6"]
[White "Agrawal, Shivam"]
[Black "Badacsonyi, Frankie"]
[Result "1/2-1/2"]
[WhiteElo "1711"]
[BlackElo "1611"]
[PlyCount "110"]
[EventDate "2021.12.03"]
[EventType "swiss (rapid)"]
[EventRounds "7"]
[EventCountry "NET"]
[SourceTitle "EXT 2023"]
[Source "ChessBase"]
[SourceDate "2022.10.05"]
[SourceVersion "1"]
[SourceVersionDate "2022.10.05"]
[SourceQuality "1"]

1. d4 e6 2. c4 b6 3. Nc3 Bb4 4. e4 Bb7 5. Qc2 Bxc3+ 6. bxc3 d6 7. Nf3 Nd7 8. Bd3 e5 9. 0-0 Ngf6 10. Be3 0-0 11. Nd2 Ng4 12. Rae1 Nxe3 13. Rxe3 c5 14. f4 exd4 15. cxd4 cxd4 16. Rh3 f5 17. Rff3 Nc5 18. Rfg3 Qe7 19. exf5 Rf6 20. Nb3 Qe1+ 21. Bf1 Qe4 22. Qxe4 Nxe4 23. Rd3 Rxf5 24. g3 Nc5 25. Rxd4 Rd8 26. Bg2 Bxg2 27. Kxg2 Nxb3 28. axb3 d5 29. g4 Rf7 30. Rhd3 Kf8 31. Kg3 Ke7 32. Rxd5 Rxd5 33. Rxd5 Rf6 34. Kf3 Rc6 35. Ke4 Ke6 36. h4 Ke7 37. g5 a5 38. f5 a4 39. bxa4 Rxc4+ 40. Rd4 Rc5 41. Rb4 Rc6 42. Kf4 Kf7 43. h5 h6 44. Kg4 hxg5 45. Kxg5 Rd6 46. Kf4 Kf6 47. Rb5 Rd4+ 48. Ke3 Rxa4 49. Rxb6+ Kxf5 50. Rg6 Rh4 51. Rxg7 Rxh5 52. Ra7 Kf6 53. Ra6+ Kg5 54. Ra5+ Kg6 55. Rxh5 Kxh5 1/2-1/2

[Event "EU-ch Schools U15"]
[Site "Tornelo INT"]
[Date "2021.12.04"]
[Round "5"]
[White "Vastik, Lukas"]
[Black "Agrawal, Shivam"]
[Result "0-1"]
[WhiteElo "1581"]
[BlackElo "1711"]
[PlyCount "98"]
[EventDate "2021.12.03"]
[EventType "swiss (rapid)"]
[EventRounds "7"]
[EventCountry "NET"]
[SourceTitle "EXT 2023"]
[Source "ChessBase"]
[SourceDate "2022.10.05"]
[SourceVersion "1"]
[SourceVersionDate "2022.10.05"]
[SourceQuality "1"]

1. e4 c6 2. d4 d5 3. exd5 cxd5 4. c4 Nf6 5. Nc3 Nc6 6. Nf3 Bg4 7. Be3 e6 8. c5 Be7 9. Be2 0-0 10. h3 Bh5 11. 0-0 b6 12. cxb6 Qxb6 13. Ne5 Bxe2 14. Nxe2 Rfc8 15. b3 h6 16. Ng3 Bd6 17. Nxc6 Rxc6 18. Nh5 Be7 19. Qf3 Nxh5 20. Qxh5 Bf6 21. Rfd1 Rac8 22. g4 a5 23. h4 a4 24. g5 hxg5 25. hxg5 g6 26. Qf3 Bg7 27. Kg2 axb3 28. axb3 Qxb3 29. Rab1 Qa4 30. Rb7 R6c7 31. Rc1 Qd7 32. Rcxc7 Rxc7 33. Rxc7 Qxc7 34. Qd1 e5 35. Qa4 exd4 36. Bxd4 Qf4 37. Qe8+ Kh7 38. Bf6 Qg4+ 39. Kf1 Bxf6 40. gxf6 Qe6 41. Qd8 g5 42. Kg2 Kg6 43. Qg8+ Kf5 44. Qh7+ Kxf6 45. Qh6+ Kf5 46. Qh3+ Kg6 47. Qh8 Qg4+ 48. Kf1 Qc4+ 49. Kg2 Qe4+ 0-1

[Event "BCF-chT 2122 (4NCL)"]
[Site "England"]
[Date "2021.11.27"]
[Round "1.77"]
[White "Agrawal, Shivam"]
[Black "O'Donnell, Conor"]
[Result "0-1"]
[WhiteElo "1742"]
[BlackElo "2281"]
[PlyCount "122"]
[EventDate "2021.11.27"]
[EventType "team-swiss"]
[EventRounds "11"]
[EventCountry "ENG"]
[SourceTitle "EXT 2023"]
[Source "ChessBase"]
[SourceDate "2022.10.05"]
[SourceVersion "1"]
[SourceVersionDate "2022.10.05"]
[SourceQuality "1"]
[WhiteTeam "The ADS"]
[BlackTeam "Wood Green Youth"]
[WhiteTeamCountry "ENG"]
[BlackTeamCountry "ENG"]

1. d4 d5 2. c4 e6 3. Nc3 c6 4. Nf3 dxc4 5. a4 Bb4 6. Ne5 b5 7. g3 Bb7 8. Bg2 Qc8 9. 0-0 Ne7 10. Bd2 Bxc3 11. bxc3 Nd7 12. Qb1 Nxe5 13. dxe5 a6 14. f4 0-0 15. g4 Rd8 16. Ra2 c5 17. Bxb7 Qxb7 18. Rf3 Ng6 19. Rh3 b4 20. f5 b3 21. fxg6 bxa2 22. Qxb7 a1Q+ 23. Kg2 hxg6 24. Rf3 Rf8 25. Be3 Qd1 26. Kf2 Rab8 27. Qe7 Qd8 28. Bxc5 Qxe7 29. Bxe7 Rfc8 30. Bb4 Rxb4 31. cxb4 c3 32. Rxc3 Rxc3 33. b5 axb5 34. axb5 Rb3 35. b6 Rxb6 36. Kf3 g5 37. Kg3 Rb5 38. h4 Rb3+ 39. e3 Rxe3+ 40. Kf2 Rxe5 41. hxg5 Rxg5 42. Kf3 e5 43. Ke4 Rxg4+ 44. Kxe5 g5 45. Kf5 Rg1 46. Kf6 g4 47. Kg5 g3 48. Kg4 f5+ 49. Kf3 Kf7 50. Kf4 Kf6 51. Kf3 Ke5 52. Ke3 Rf1 53. Kd3 g2 54. Kc4 g1Q 55. Kb5 Rb1+ 56. Kc6 Rb6+ 57. Kd7 Qg7+ 58. Kc8 Rh6 59. Kd8 Rh7 60. Ke8 Qd7+ 61. Kf8 Qc8# 0-1

[Event "ENG-ch U14 Blitz"]
[Site "Milton Keynes"]
[Date "2021.11.13"]
[Round "3"]
[White "Agrawal, Shivam"]
[Black "Whelan, Joseph"]
[Result "1-0"]
[WhiteElo "1743"]
[BlackElo "1415"]
[PlyCount "137"]
[EventDate "2021.11.13"]
[EventType "swiss (blitz)"]
[EventRounds "9"]
[EventCountry "ENG"]
[SourceTitle "EXT 2023"]
[Source "ChessBase"]
[SourceDate "2022.10.05"]
[SourceVersion "1"]
[SourceVersionDate "2022.10.05"]
[SourceQuality "1"]

1. d4 d5 2. c4 c6 3. Nc3 Nf6 4. Nf3 e6 5. cxd5 exd5 6. Bf4 Bb4 7. e3 Ne4 8. Qb3 Bxc3+ 9. bxc3 Nd7 10. Bd3 Ndf6 11. 0-0 0-0 12. c4 Be6 13. c5 b6 14. Rfc1 Ng4 15. Rc2 bxc5 16. dxc5 Qf6 17. Nd4 g5 18. Bg3 Nxg3 19. hxg3 Qh6 20. Nf3 Rab8 21. Qa4 Qf6 22. Qd4 Qxd4 23. Nxd4 Ne5 24. Be2 Bd7 25. f4 gxf4 26. gxf4 Ng6 27. Rc3 f5 28. Ra3 Rb7 29. Ba6 Rc7 30. Rb1 Bc8 31. Bxc8 Rfxc8 32. Rab3 Ne7 33. Kf2 Kf7 34. Rh1 Rh8 35. Ke2 h5 36. g3 a5 37. Ra3 Ra7 38. Rb1 h4 39. gxh4 Rxh4 40. Rb6 Rh2+ 41. Kd3 a4 42. Nxc6 Nxc6 43. Rxc6 Rb2 44. Rd6 Rb5 45. Rxd5 Raa5 46. Kc4 Rb7 47. c6 Rxd5 48. Kxd5 Rb1 49. Rxa4 Rd1+ 50. Kc5 Rc1+ 51. Rc4 Rh1 52. c7 Rh8 53. Kb6 Rh6+ 54. Kb7 Rh8 55. c8Q Rxc8 56. Rxc8 Ke6 57. a4 Kd5 58. Re8 Kc5 59. a5 Kb5 60. a6 Kc4 61. a7 Kd3 62. a8Q Ke2 63. e4 fxe4 64. Rxe4+ Kf2 65. Kb6 Kf3 66. Qd5 Kf2 67. Qd3 Kg1 68. Re2 Kf1 69. Qd1# 1-0

[Event "ENG-ch U14 Blitz"]
[Site "Milton Keynes"]
[Date "2021.11.13"]
[Round "2"]
[White "Madhavan, Sanjith1111"]
[Black "Agrawal, Shivam"]
[Result "1-0"]
[WhiteElo "1686"]
[BlackElo "1743"]
[PlyCount "115"]
[EventDate "2021.11.13"]
[EventType "swiss (blitz)"]
[EventRounds "9"]
[EventCountry "ENG"]
[SourceTitle "EXT 2023"]
[Source "ChessBase"]
[SourceDate "2022.10.05"]
[SourceVersion "1"]
[SourceVersionDate "2022.10.05"]
[SourceQuality "1"]

1. e4 c6 2. d4 d5 3. Nc3 dxe4 4. Nxe4 Bf5 5. Ng3 Bg6 6. Nf3 Nd7 7. h4 h6 8. h5 Bh7 9. Bd3 Bxd3 10. Qxd3 Ngf6 11. Bd2 e6 12. 0-0-0 Bd6 13. Ne4 Nxe4 14. Qxe4 Nf6 15. Qe2 0-0 16. g4 Nxg4 17. Rdg1 f5 18. Qxe6+ Kh8 19. Nh4 Rf6 20. Qe2 Qe8 21. Qxe8+ Rxe8 22. f3 Nf2 23. Ng6+ Kh7 24. Re1 Rfe6 25. Rxe6 Rxe6 26. Rf1 Nh3 27. Kd1 Ng5 28. c4 Kg8 29. c5 Bc7 30. Nf4 Bxf4 31. Bxf4 Nf7 32. Re1 Rxe1+ 33. Kxe1 a6 34. Kd2 Nd8 35. Ke3 Ne6 36. Be5 Kf7 37. a4 Nf8 38. b4 Nd7 39. Kf4 Nf6 40. Bxf6 Kxf6 41. b5 axb5 42. axb5 cxb5 43. d5 b4 44. Ke3 Ke5 45. d6 Ke6 46. Kd4 b3 47. Kc3 Kd7 48. Kxb3 b6 49. Kc4 bxc5 50. Kxc5 Kd8 51. Kc6 Kc8 52. f4 Kd8 53. d7 Ke7 54. Kc7 Ke6 55. d8Q Kf7 56. Kd6 g6 57. Qe7+ Kg8 58. hxg6 1-0

[Event "ENG-ch U14"]
[Site "Milton Keynes"]
[Date "2021.10.03"]
[Round "4"]
[White "Agrawal, Shivam"]
[Black "Madhavan, Sanjith1111"]
[Result "0-1"]
[WhiteElo "1721"]
[BlackElo "1498"]
[PlyCount "70"]
[EventDate "2021.10.02"]
[EventType "swiss"]
[EventRounds "5"]
[EventCountry "ENG"]
[SourceTitle "EXT 2023"]
[Source "ChessBase"]
[SourceDate "2022.10.05"]
[SourceVersion "1"]
[SourceVersionDate "2022.10.05"]
[SourceQuality "1"]

1. d4 d5 2. c4 c6 3. Nc3 Nf6 4. Nf3 e6 5. cxd5 exd5 6. Bg5 Be7 7. e3 0-0 8. Bd3 Bg4 9. Qb3 Qb6 10. Ne5 Be6 11. 0-0 h6 12. Bh4 Re8 13. Qc2 Nbd7 14. Nxd7 Nxd7 15. Bxe7 Rxe7 16. b4 Rc8 17. Rfc1 Nb8 18. Rab1 Qd8 19. Rb3 a5 20. bxa5 c5 21. dxc5 d4 22. exd4 Bxb3 23. Qxb3 Qxd4 24. Nb5 Qe5 25. Nd6 Rxc5 26. Rxc5 Qxc5 27. Nxb7 Qa7 28. Nd6 Nc6 29. Qc3 Qd4 30. Qxd4 Nxd4 31. Kf1 Nc6 32. a6 Rd7 33. Nb5 Rxd3 34. a7 Rd8 35. a4 Ra8 0-1

[Event "ENG-ch U14"]
[Site "Milton Keynes"]
[Date "2021.10.03"]
[Round "5"]
[White "Merriman, James"]
[Black "Agrawal, Shivam"]
[Result "0-1"]
[WhiteElo "1837"]
[BlackElo "1721"]
[PlyCount "100"]
[EventDate "2021.10.02"]
[EventType "swiss"]
[EventRounds "5"]
[EventCountry "ENG"]
[SourceTitle "EXT 2023"]
[Source "ChessBase"]
[SourceDate "2022.10.05"]
[SourceVersion "1"]
[SourceVersionDate "2022.10.05"]
[SourceQuality "1"]

1. d4 d5 2. c4 c6 3. Nc3 Nf6 4. Nf3 e6 5. Bg5 Be7 6. e3 0-0 7. cxd5 exd5 8. Qc2 Be6 9. Bd3 h6 10. Bh4 Nbd7 11. 0-0 Nh5 12. Bxe7 Qxe7 13. Ne5 Nxe5 14. dxe5 g6 15. f4 Ng7 16. e4 Qc5+ 17. Kh1 dxe4 18. Nxe4 Qxc2 19. Bxc2 Rfd8 20. Nd6 Rd7 21. Rad1 Kf8 22. h3 h5 23. b3 Ke7 24. Kg1 Rad8 25. Kf2 Nf5 26. Bxf5 Bxf5 27. Rd4 Rxd6 28. exd6+ Rxd6 29. Re1+ Kd7 30. Red1 Rxd4 31. Rxd4+ Kc7 32. Kf3 Bb1 33. a3 c5 34. Rd2 f5 35. Kg3 b5 36. Kh4 c4 37. bxc4 bxc4 38. Kg5 Kc6 39. Kxg6 Be4 40. Kxh5 c3 41. Rd8 c2 42. Rc8+ Kb5 43. Kg6 Bc6 44. h4 c1Q 45. h5 Qxf4 46. h6 Qd6+ 47. Kg5 Qe7+ 48. Kg6 Be8+ 49. Rxe8 Qxe8+ 50. Kxf5 Qh5+ 0-1

[Event "ENG-ch U14"]
[Site "Milton Keynes"]
[Date "2021.10.02"]
[Round "1"]
[White "Maton, Emily"]
[Black "Agrawal, Shivam"]
[Result "1/2-1/2"]
[WhiteElo "1415"]
[BlackElo "1721"]
[PlyCount "163"]
[EventDate "2021.10.02"]
[EventType "swiss"]
[EventRounds "5"]
[EventCountry "ENG"]
[SourceTitle "EXT 2023"]
[Source "ChessBase"]
[SourceDate "2022.10.05"]
[SourceVersion "1"]
[SourceVersionDate "2022.10.05"]
[SourceQuality "1"]

1. c4 c6 2. d4 d5 3. cxd5 cxd5 4. Nc3 Nf6 5. Nf3 Nc6 6. g3 Bf5 7. a3 e6 8. Bf4 Bd6 9. Bxd6 Qxd6 10. Bg2 h6 11. e3 0-0 12. 0-0 Rfc8 13. Rc1 Ne4 14. Nxe4 Bxe4 15. Nd2 Bg6 16. Nf3 Rc7 17. Qd2 Rac8 18. b4 Ne7 19. Ne5 Rc2 20. Rxc2 Rxc2 21. Qd1 Rc3 22. Qa4 a6 23. Qe8+ Kh7 24. Nxf7 Bxf7 25. Qxf7 Rxa3 26. Bh3 Rb3 27. Rc1 Rxb4 28. Bxe6 Rb6 29. Bf5+ Nxf5 30. Qxf5+ Qg6 31. Qxd5 Rb1 32. Rxb1 Qxb1+ 33. Kg2 b5 34. e4 b4 35. Qf5+ Kh8 36. d5 b3 37. d6 b2 38. d7 Qd3 39. Qd5 Qxd5 40. exd5 Kh7 41. d8Q b1Q 42. Qe7 Qd3 43. Qe6 a5 44. d6 a4 45. d7 a3 46. Qe3 Qd5+ 47. Qf3 Qxf3+ 48. Kxf3 a2 49. d8Q a1Q 50. Qd3+ Kh8 51. h4 Qh1+ 52. Kg4 Qc6 53. h5 Qe6+ 54. Qf5 Qc4+ 55. Qf4 Qe6+ 56. Kh4 Qd5 57. Kg4 Qe6+ 58. Qf5 Qc4+ 59. Kf3 Qc6+ 60. Kg4 Qc4+ 61. Kf3 Qf1 62. g4 Qh1+ 63. Kf4 Qc1+ 64. Kg3 Qg1+ 65. Kf3 Qh1+ 66. Ke2 Qg2 67. Qf3 Qh2 68. Qg3 Qh1 69. f3 Qc1 70. Qb8+ Kh7 71. Qb3 Qc7 72. Qd3+ Kh8 73. Ke3 Qe5+ 74. Qe4 Qc3+ 75. Kf4 Qd2+ 76. Kf5 Qg5+ 77. Ke6 Qf6+ 78. Kd5 Qd8+ 79. Ke5 Qc7+ 80. Kd4 Qd6+ 81. Ke3 Qc5+ 82. Qd4 1/2-1/2

[Event "London Classic op U2050-A 11th"]
[Site "London"]
[Date "2019.12.01"]
[Round "4"]
[White "Agrawal, Shivam"]
[Black "Cove, Henry"]
[Result "0-1"]
[WhiteElo "1630"]
[BlackElo "1832"]
[PlyCount "146"]
[EventDate "2019.11.29"]
[EventType "swiss"]
[EventRounds "5"]
[EventCountry "ENG"]
[SourceTitle "CBM 195 Extra"]
[Source "ChessBase"]
[SourceDate "2020.05.31"]
[SourceVersion "1"]
[SourceVersionDate "2020.05.31"]
[SourceQuality "1"]

1. d4 Nf6 2. c4 e6 3. Nc3 Bb4 4. a3 Bxc3+ 5. bxc3 Nc6 6. Nf3 Na5 7. e3 b6 8. Bd3 Ba6 9. Qe2 Nb3 10. Rb1 Nxc1 11. Rxc1 Qe7 12. 0-0 d6 13. Rfe1 Bb7 14. e4 e5 15. Qd2 Nd7 16. Rcd1 Rd8 17. Qe3 Ba6 18. c5 Bxd3 19. cxd6 cxd6 20. Qxd3 0-0 21. Rd2 Rc8 22. h3 Rfd8 23. Red1 h6 24. Qe3 Qf6 25. Rd3 Re8 26. Nh2 Nf8 27. Ng4 Qg6 28. dxe5 dxe5 29. Qg3 h5 30. Ne3 Qxg3 31. fxg3 Ne6 32. Nf5 Rc5 33. c4 g6 34. Nd6 Rf8 35. Rd5 Nd4 36. Nb5 Rxc4 37. Nxd4 exd4 38. R5xd4 Rxd4 39. Rxd4 Rc8 40. Rd7 a5 41. Rd6 Rb8 42. Kf2 b5 43. Rd3 b4 44. Rb3 Kf8 45. axb4 Rxb4 46. Ra3 a4 47. Ke3 Ke7 48. Kd3 Ke6 49. Ra2 Ke5 50. Rf2 f6 51. Rf4 Rb3+ 52. Kc4 Rxg3 53. Rf2 Re3 54. Kb4 a3 55. Ra2 Kxe4 56. Rxa3 Rxa3 57. Kxa3 g5 58. Kb3 Ke3 59. Kc3 f5 60. g3 f4 61. gxf4 gxf4 62. h4 f3 63. Kc4 f2 64. Kd5 f1Q 65. Ke5 Qf4+ 66. Kd5 Qxh4 67. Ke5 Qf4+ 68. Kd5 h4 69. Ke6 h3 70. Kd5 h2 71. Ke6 h1Q 72. Kd7 Qh7+ 73. Ke6 Qhf7# 0-1

[Event "GBR-ch U12 106th"]
[Site "Torquay"]
[Date "2019.07.30"]
[Round "3"]
[White "Agrawal, Shivam"]
[Black "Stoyanov, Boris1111"]
[Result "1-0"]
[WhiteElo "1518"]
[BlackElo "1592"]
[PlyCount "75"]
[EventDate "2019.07.28"]
[EventType "swiss"]
[EventRounds "7"]
[EventCountry "ENG"]
[SourceTitle "EXT 2020"]
[Source "ChessBase"]
[SourceDate "2019.10.17"]
[SourceVersion "1"]
[SourceVersionDate "2019.10.17"]
[SourceQuality "1"]

1. Nf3 d5 2. c4 c6 3. g3 Nf6 4. b3 g6 5. Bb2 Bg7 6. Bg2 0-0 7. 0-0 b6 8. d3 Ba6 9. Nbd2 Nbd7 10. Rc1 Rc8 11. b4 Re8 12. Qa4 Nb8 13. Rfd1 b5 14. Qa3 e6 15. Bd4 Qe7 16. cxb5 cxb5 17. Nb3 Nh5 18. Nc5 Rc6 19. Bxg7 Nxg7 20. Nd4 Rb6 21. f4 Qf6 22. Nf3 Nf5 23. Kf2 Rc8 24. e4 Ng7 25. Nxa6 Rxc1 26. Qxc1 Nxa6 27. Qc8+ Ne8 28. Qxe8+ Kg7 29. e5 Qf5 30. a3 Nb8 31. h3 Qh5 32. Ng5 Rb7 33. Bf3 Qh6 34. Qc8 Rb6 35. Qc7 Kh8 36. Nxf7+ Kg8 37. Nxh6+ Kf8 38. Qf7# 1-0